00409nam a2200109Ia 4500082002400000245005200024100006000076942000700136008004100143999001900184952009600203 aST 658.0220968 ENTR 0aEntrepreneurship : a South African perspective  a Nieuwenhuizen, Cecile Pretoria, 2009 2nd ed 97036 cBK210817s9999 xx 000 0 und d c230013d230012 00104070aSAKHLbSAKHLd2021-08-18g333.00l0p33228024159699r2021-08-18w2021-08-18yBK